Score 0/12 Timer 01:00
1 Play Today
% Correct
Apple
93.9%
McDonalds
93.7%
Twitter
93.6%
Target
91.7%
Gucci
91.6%
Instagram
91%
YouTube
90.6%
Windows
90.4%
The Rolling Stones
90.1%
MasterCard
89.6%
Nike
89.2%
Dropbox
86%
Remove Ads.
Support Sporcle.
Get the best of Sporcle when you Go Orange. This ad-free experience offers more features, more stats, and more fun while also helping to support Sporcle. Thank you for becoming a member.

You're not logged in!

Compare scores with friends on all Sporcle quizzes.
OR
Log In

Sporcle TV

Today on Sporcle TV


Watch our educational content, quiz creation guides, and fun videos on Sporcle TV.

Show Comments

Extras

Top Quizzes Today


Score Distribution

Paid Content

Your Account Isn't Verified!

In order to create a playlist on Sporcle, you need to verify the email address you used during registration. Go to your Sporcle Settings to finish the process.

Report this User

Report this user for behavior that violates our Community Guidelines.

Details: